000
00223 a2200097 4500
001
25999
100
_a
Army Material Comn
245
_a
Engineering design handbook 706-270
260
_a
_b
Springer
_c
090
_c
17594
_d
17594
942
_a
NUST-CAE
_c
M
_c
8440
999
_c
261072
_d
261072